| 000 | 00808nam a2200181 i 4500 | ||
|---|---|---|---|
| 020 | _a0872622576 (pbk.) | ||
| 082 | 0 | 0 |
_a624.154 _bDYN _cL-39, P-189 |
| 245 | 0 | 0 |
_aDynamic response of pile foundations, analytical aspects : _bproceedings of a session / _csponsored by the Geotechnical Engineering Division at the ASCE national convention, October 30, 1980 ; Michael W. O'Neill and Ricardo Dobry, editors. |
| 260 |
_aNew York, N.Y. : _bAmerican Society of Civil Engineers, _cc1980. |
||
| 300 |
_av, 112 p. : _bill. ; _c22 cm. |
||
| 526 |
_a0 _b0 _c0 _d624_154000000000000_DYN |
||
| 650 | 0 |
_aMCE _9379 |
|
| 650 | 0 |
_aPiling (Civil engineering) _xTesting. _937751 |
|
| 700 | 1 |
_aDobry, Ricardo. _946711 |
|
| 700 | 1 |
_aO'Neill, Michael W. _946712 |
|
| 710 | 2 |
_aAmerican Society of Civil Engineers. _9702 |
|
| 942 |
_2ddc _cBK |
||
| 999 |
_c549977 _d549977 |
||